000 00569nam a22002177a 4500
005 20251027113651.0
008 230201b ||||| |||| 00| 0 eng d
020 _a0700201602
040 _cAL
041 _aeng
082 _223
_a659
_bJEFA
100 _aFrank Jefkins
_9242857
245 _aAdvertising today
260 _aLondon
_bIntertext Books
_c1971
300 _axii,442p
_bHB
_c23x15cm
365 _2Management
650 _aMaking Known to sell
_970393
650 _aCampaign Planning
_970394
650 _aAdvertising Media
_970395
942 _2ddc
_cDB
999 _c226510
_d226510